[Event "NCA-chT 1st Stage"]
[Site "Managua"]
[Date "2021.10.03"]
[Round "5.1"]
[White "Garcia, Antonio"]
[Black "Davila, Carlos"]
[Result "0-1"]
[WhiteElo "1856"]
[BlackElo "2190"]
[PlyCount "136"]
[EventDate "2021.09.25"]
[EventType "team-swiss"]
[EventRounds "9"]
[EventCountry "NCA"]
[SourceTitle "EXT 2023"]
[Source "ChessBase"]
[SourceDate "2022.10.05"]
[SourceVersion "1"]
[SourceVersionDate "2022.10.05"]
[SourceQuality "1"]
[WhiteTeam "Jose Raul Capablanca"]
[BlackTeam "Clemente Guido"]
[WhiteTeamCountry "NCA"]
[BlackTeamCountry "NCA"]

1. c4 b6 2. d4 Bb7 3. Nc3 e6 4. e4 Bb4 5. Bd3 Bxc3+ 6. bxc3 f5 7. d5 fxe4 8. Bxe4 Qh4 9. Bd3 Nf6 10. Nf3 Qh5 11. Ba3 c5 12. dxc6 Nxc6 13. 0-0 Ne5 14. Nxe5 Qxe5 15. Rc1 0-0-0 16. Qe2 Qxe2 17. Bxe2 Ne4 18. Rfd1 Nc5 19. f3 Kc7 20. Rd4 d6 21. Rcd1 e5 22. R4d2 Rhf8 23. Bxc5 bxc5 24. Bd3 h5 25. Re1 h4 26. Be4 Rb8 27. Bd5 Bxd5 28. cxd5 Rf4 29. Kf2 Rc4 30. Re4 Rxe4 31. fxe4 Rb1 32. Rc2 c4 33. Kf3 Re1 34. g3 hxg3 35. hxg3 a5 36. Kf2 Rxe4 37. Rb2 Rg4 38. Rb5 Rg5 39. Rxa5 Kb6 40. Ra4 Kb5 41. Ra7 e4 42. Rc7 Rf5+ 43. Ke2 Rxd5 44. a4+ Kxa4 45. Rxc4+ Kb3 46. Rxe4 Kxc3 47. Rg4 Re5+ 48. Kd1 g5 49. Ra4 Kd3 50. Ra6 d5 51. Ra3+ Ke4 52. Ke2 d4 53. Kd2 Rb5 54. Kc2 Rf5 55. Ra8 Rf2+ 56. Kd1 Rg2 57. Ra3 d3 58. Ra8 Rxg3 59. Re8+ Kf3 60. Ke1 Rg1+ 61. Kd2 g4 62. Rf8+ Kg2 63. Kxd3 Re1 64. Rf4 g3 65. Rg4 Kf2 66. Rf4+ Kg1 67. Rf3 g2 68. Rh3 Kf2 0-1

[Event "NCA-chT 1st Stage"]
[Site "Managua"]
[Date "2021.09.25"]
[Round "1.1"]
[White "Alvarez Gutierrez, Patricia"]
[Black "Garcia, Antonio"]
[Result "0-1"]
[WhiteElo "1645"]
[BlackElo "1856"]
[PlyCount "124"]
[EventDate "2021.09.25"]
[EventType "team-swiss"]
[EventRounds "9"]
[EventCountry "NCA"]
[SourceTitle "EXT 2023"]
[Source "ChessBase"]
[SourceDate "2022.10.05"]
[SourceVersion "1"]
[SourceVersionDate "2022.10.05"]
[SourceQuality "1"]
[WhiteTeam "UNI Femenino (W)"]
[BlackTeam "Jose Raul Capablanca"]
[WhiteTeamCountry "NCA"]
[BlackTeamCountry "NCA"]

1. d4 Nf6 2. Bf4 d5 3. e3 g6 4. Nf3 Bg7 5. Be2 0-0 6. h3 Nbd7 7. 0-0 c5 8. c3 b6 9. Nbd2 Bb7 10. a4 a5 11. Nb1 Re8 12. Na3 Nh5 13. Bh2 Rc8 14. Nb5 Ba6 15. Qd2 c4 16. Na7 Ra8 17. Nc6 Qc8 18. Nce5 Nhf6 19. Rfe1 Ne4 20. Qc2 Nxe5 21. Nxe5 Bb7 22. Rac1 f6 23. Nf3 Qd7 24. b3 Rac8 25. bxc4 dxc4 26. Rb1 Qe6 27. Rb2 Bd5 28. Reb1 Rc6 29. Rb5 Nd6 30. Rxb6 Be4 31. Qb2 Rxb6 32. Qxb6 Bxb1 33. Qxb1 Rc8 34. Qb6 Qd5 35. Nd2 h5 36. Bf3 Qf5 37. Bxd6 exd6 38. Qxd6 Bf8 39. Qd5+ Qxd5 40. Bxd5+ Kg7 41. Nxc4 f5 42. Kf1 Be7 43. Ke2 Kf6 44. Kd3 Bd8 45. Ne5 Bc7 46. Nc4 Rb8 47. Kc2 g5 48. Na3 Rb6 49. Nb5 Bh2 50. Kd3 g4 51. hxg4 fxg4 52. c4 h4 53. c5 Rb8 54. c6 Ke7 55. Be4 Rf8 56. Ke2 Kd8 57. d5 Rf6 58. Nd4 Bg1 59. Nf5 h3 60. g3 h2 61. Kf1 Rxf5 62. Bg2 Rxf2+ 0-1

[Event "NCA-ch sf"]
[Site "Managua"]
[Date "2021.02.27"]
[Round "7"]
[White "Garcia, Antonio"]
[Black "Quintero, Armando"]
[Result "1-0"]
[WhiteElo "1814"]
[BlackElo "1806"]
[PlyCount "95"]
[EventDate "2021.02.13"]
[EventType "swiss"]
[EventRounds "9"]
[EventCountry "NCA"]
[SourceTitle "EXT 2022"]
[Source "ChessBase"]
[SourceDate "2021.10.06"]
[SourceVersion "1"]
[SourceVersionDate "2021.10.06"]
[SourceQuality "1"]

1. c4 Nf6 2. Nc3 e6 3. e4 d6 4. g3 c5 5. Bg2 Nc6 6. Nge2 Be7 7. 0-0 0-0 8. d4 cxd4 9. Nxd4 Bd7 10. b3 a6 11. Bb2 e5 12. Nc2 Rb8 13. Qd2 Ng4 14. Nd5 Bg5 15. f4 exf4 16. gxf4 Bh6 17. Nce3 Qh4 18. Nxg4 Bxg4 19. Qf2 Qxf2+ 20. Kxf2 f5 21. Kg3 Bh5 22. Rae1 Rbe8 23. exf5 Rxf5 24. Bh3 Rff8 25. Ba3 g5 26. Rxe8 gxf4+ 27. Nxf4 Bxe8 28. Bxd6 Bxf4+ 29. Rxf4 Rxf4 30. Kxf4 Kf7 31. Bc8 Nd8 32. Ke5 Kg6 33. Bc7 Nf7+ 34. Kd5 Bc6+ 35. Kc5 Be4 36. Kb6 Bb1 37. a3 Ba2 38. Bxb7 Bxb3 39. Bxa6 Ng5 40. c5 Ne6 41. Be5 Kf5 42. Bd6 Nd4 43. Bd3+ Ke6 44. Bxh7 Ba4 45. Bg8+ Kd7 46. Bd5 Bb5 47. Be5 Bc6 48. Bxc6+ 1-0

[Event "Managua Hurtado Memorial 20th"]
[Site "Managua"]
[Date "2020.12.30"]
[Round "9"]
[White "Garcia, Antonio"]
[Black "Salazar Cabezas, Alberto Javier"]
[Result "1/2-1/2"]
[WhiteElo "1791"]
[BlackElo "2041"]
[PlyCount "118"]
[EventDate "2020.12.26"]
[EventType "swiss"]
[EventRounds "9"]
[EventCountry "NCA"]
[SourceTitle "CBM 200 Extra"]
[Source "ChessBase"]
[SourceDate "2021.03.31"]
[SourceVersion "1"]
[SourceVersionDate "2021.03.31"]
[SourceQuality "1"]

1. c4 e5 2. Nc3 Nc6 3. Nf3 g6 4. g3 Bg7 5. Bg2 d6 6. d3 Nge7 7. 0-0 0-0 8. Rb1 a5 9. a3 f5 10. Bg5 h6 11. Bxe7 Nxe7 12. Nd2 c6 13. Qc2 f4 14. b4 axb4 15. axb4 Nf5 16. b5 Nd4 17. Qd1 Bg4 18. bxc6 bxc6 19. Nf3 Qd7 20. Nxd4 exd4 21. Na4 Bxe2 22. Qxe2 Rxa4 23. Qe4 Ra5 24. Qxc6 Qxc6 25. Bxc6 Ra7 26. Kg2 Be5 27. Rb3 Kg7 28. Rfb1 h5 29. Bd5 Kh6 30. Rb8 Rxb8 31. Rxb8 Rh7 32. Kf3 Rh8 33. Rxh8+ Bxh8 34. Kxf4 Bf6 35. Be6 Kg7 36. Ke4 Kf8 37. h4 Ke7 38. Bc8 Bg7 39. f4 Bf6 40. Kd5 Bg7 41. Bh3 Bf8 42. Kxd4 Bg7+ 43. Ke3 Bc3 44. Bc8 Be1 45. Kf3 Bc3 46. g4 Be1 47. f5 Kf6 48. gxh5 gxf5 49. Kf4 Bd2+ 50. Kg3 Be1+ 51. Kh3 Bc3 52. Bb7 Bd2 53. Bf3 Be3 54. Kg3 Bd4 55. Be2 Bc3 56. Bf1 Be1+ 57. Kh3 Bf2 58. Be2 Be1 59. Bd1 Bf2 1/2-1/2

[Event "Managua Hurtado Memorial 20th"]
[Site "Managua"]
[Date "2020.12.28"]
[Round "4"]
[White "Escobar, Edgar Antonio"]
[Black "Garcia, Antonio"]
[Result "1-0"]
[WhiteElo "1946"]
[BlackElo "1791"]
[PlyCount "77"]
[EventDate "2020.12.26"]
[EventType "swiss"]
[EventRounds "9"]
[EventCountry "NCA"]
[SourceTitle "CBM 200 Extra"]
[Source "ChessBase"]
[SourceDate "2021.03.31"]
[SourceVersion "1"]
[SourceVersionDate "2021.03.31"]
[SourceQuality "1"]

1. e4 c5 2. Nc3 d6 3. f4 g6 4. Nf3 Bg7 5. Bb5+ Bd7 6. Bc4 Nc6 7. 0-0 e6 8. a3 a6 9. d3 b5 10. Ba2 b4 11. axb4 Nxb4 12. Bb3 Ne7 13. Qe1 Nec6 14. Ne2 Na5 15. Rxa5 Qxa5 16. f5 Qb6 17. Kh1 Nxd3 18. Qh4 Nxc1 19. Nxc1 Qb5 20. Nd2 Bxb2 21. Nd3 Bc3 22. Nc4 Qb8 23. e5 dxe5 24. fxg6 f5 25. Rxf5 exf5 26. Qf6 Rf8 27. Nd6+ Qxd6 28. Bf7+ Rxf7 29. gxf7+ Kf8 30. Qxd6+ Kg7 31. Qxd7 Rf8 32. Qe6 e4 33. Ne5 Bxe5 34. Qxe5+ Kxf7 35. Qxf5+ Kg7 36. Qe5+ Rf6 37. h4 Kg6 38. Qxe4+ Kh5 39. Qxh7+ 1-0

[Event "NCA-chT Final"]
[Site "Managua"]
[Date "2020.11.07"]
[Round "10.5"]
[White "Velasquez, Rommel"]
[Black "Garcia, Antonio"]
[Result "1/2-1/2"]
[WhiteElo "1951"]
[BlackElo "1824"]
[PlyCount "72"]
[EventDate "2020.10.24"]
[EventType "team-tourn"]
[EventRounds "11"]
[EventCountry "NCA"]
[SourceTitle "EXT 2022"]
[Source "ChessBase"]
[SourceDate "2021.10.06"]
[SourceVersion "1"]
[SourceVersionDate "2021.10.06"]
[SourceQuality "1"]

1. e4 c5 2. Nf3 d6 3. d4 cxd4 4. Nxd4 Nf6 5. Nc3 g6 6. f4 Bg7 7. e5 Ng4 8. Bb5+ Kf8 9. 0-0 a6 10. Be2 h5 11. h3 Nh6 12. Ne4 Nf5 13. Nxf5 Bxf5 14. Ng3 Nc6 15. Nxf5 gxf5 16. exd6 Qxd6 17. Qxd6 exd6 18. Bd3 Ne7 19. c3 f6 20. b3 Kf7 21. Ba3 Rad8 22. Rae1 Rhe8 23. Re2 Nd5 24. Rxe8 Kxe8 25. Bxf5 Kf7 26. Be4 Nxc3 27. Bxb7 a5 28. Bf3 h4 29. f5 Bh6 30. Bb2 Rc8 31. Re1 Bf4 32. Bh5+ Kf8 33. Kf1 Be5 34. Bxc3 Rxc3 35. Re4 Rc1+ 36. Kf2 Rc2+ 1/2-1/2

[Event "NCA-chT 1st Stage"]
[Site "Managua"]
[Date "2020.10.11"]
[Round "9.13"]
[White "Garcia, Antonio"]
[Black "Escobar, Edgar Antonio"]
[Result "0-1"]
[WhiteElo "1824"]
[BlackElo "1868"]
[PlyCount "96"]
[EventDate "2020.10.03"]
[EventType "team-swiss"]
[EventRounds "9"]
[EventCountry "NCA"]
[SourceTitle "EXT 2022"]
[Source "ChessBase"]
[SourceDate "2021.10.06"]
[SourceVersion "1"]
[SourceVersionDate "2021.10.06"]
[SourceQuality "1"]

1. c4 Nf6 2. Nc3 e5 3. Nf3 Nc6 4. d3 Bb4 5. Bd2 0-0 6. g3 d6 7. Bg2 Re8 8. 0-0 h6 9. a3 Bxc3 10. Bxc3 Bf5 11. Qb3 Rb8 12. Rfe1 e4 13. Nd4 Bd7 14. Nxc6 Bxc6 15. d4 e3 16. d5 exf2+ 17. Kxf2 Bd7 18. e4 Ng4+ 19. Kg1 Qg5 20. h3 Ne5 21. Bd4 b6 22. Bxe5 Rxe5 23. Qf3 Rbe8 24. Rf1 f5 25. Qf2 Kh8 26. Qf4 fxe4 27. Qxg5 hxg5 28. Rae1 Kg8 29. Re3 c6 30. g4 cxd5 31. cxd5 Rxd5 32. Rxe4 Rxe4 33. Bxe4 Rd2 34. b4 d5 35. Bg6 Be6 36. Rc1 Kf8 37. Rc7 a5 38. Rc6 Ke7 39. Rxb6 axb4 40. Rxb4 Kf6 41. Bb1 Ke5 42. a4 d4 43. a5 Kf4 44. Bf5 Bd5 45. a6 Kg3 46. Kf1 Bf3 47. Rb1 Ra2 48. Bc8 Rh2 0-1

[Event "NCA-chT 1st Stage"]
[Site "Managua"]
[Date "2020.10.10"]
[Round "6.9"]
[White "Garcia, Antonio"]
[Black "Gutierrez, Oscar"]
[Result "1-0"]
[WhiteElo "1824"]
[BlackElo "1877"]
[PlyCount "61"]
[EventDate "2020.10.03"]
[EventType "team-swiss"]
[EventRounds "9"]
[EventCountry "NCA"]
[SourceTitle "EXT 2022"]
[Source "ChessBase"]
[SourceDate "2021.10.06"]
[SourceVersion "1"]
[SourceVersionDate "2021.10.06"]
[SourceQuality "1"]

1. c4 f5 2. Nc3 Nf6 3. g3 e6 4. Bg2 d6 5. d3 Be7 6. Bg5 Nbd7 7. e3 0-0 8. Nge2 c6 9. 0-0 a5 10. a3 Qc7 11. b4 axb4 12. axb4 Rxa1 13. Qxa1 h6 14. Bxf6 Nxf6 15. b5 Kh7 16. Qa4 Bd7 17. bxc6 bxc6 18. Rb1 d5 19. cxd5 cxd5 20. Qa6 Bd8 21. Qa2 e5 22. d4 e4 23. Nf4 Bc6 24. h3 Qd7 25. Rb8 Be7 26. Rxf8 Bxf8 27. Qb3 g5 28. Nfe2 Bd6 29. h4 Kg6 30. Bh3 h5 31. Bf1 1-0

[Event "Managua Hurtado Memorial 19th"]
[Site "Managua"]
[Date "2019.12.28"]
[Round "4"]
[White "Cepeda Garcia, Juan Tomas"]
[Black "Garcia, Antonio"]
[Result "1-0"]
[WhiteElo "1967"]
[BlackElo "1836"]
[PlyCount "119"]
[EventDate "2019.12.26"]
[EventType "swiss"]
[EventRounds "9"]
[EventCountry "NCA"]
[SourceTitle "CBM 195 Extra"]
[Source "ChessBase"]
[SourceDate "2020.05.31"]
[SourceVersion "1"]
[SourceVersionDate "2020.05.31"]
[SourceQuality "1"]

1. d4 f5 2. Bg5 d5 3. Nc3 c6 4. Qd2 Nd7 5. h4 Ngf6 6. e3 e6 7. Bd3 Be7 8. Nf3 Ne4 9. Bxe4 fxe4 10. Bxe7 Qxe7 11. Ng1 e5 12. 0-0-0 exd4 13. exd4 Nf6 14. f3 0-0 15. fxe4 Nxe4 16. Nxe4 dxe4 17. Re1 Bg4 18. Qe3 Rae8 19. Ne2 Bxe2 20. Rxe2 Rf6 21. Rhe1 Re6 22. h5 h6 23. Rf1 Kh8 24. Ref2 Qh4 25. Rf5 Kh7 26. b3 a6 27. Kb2 Qg4 28. g3 R6e7 29. R1f4 Qh3 30. Kc3 b5 31. Kb2 Kg8 32. Rc5 Qd7 33. g4 Re6 34. g5 hxg5 35. Rxg5 R8e7 36. Rfg4 Rd6 37. c3 b4 38. Rxe4 bxc3+ 39. Kxc3 Rxe4 40. Qxe4 Qh3+ 41. Qd3 Qh1 42. Rxg7+ Kxg7 43. Qg3+ Kh6 44. Qxd6+ Kxh5 45. Qc5+ Kg6 46. Kb4 Qe1+ 47. Ka4 Qe8 48. Ka5 Qc8 49. Kb6 Qb8+ 50. Kxc6 Qc8+ 51. Kb6 Qb8+ 52. Kxa6 Qa8+ 53. Qa7 Qc8+ 54. Qb7 Qc2 55. Qb6+ Kf7 56. a4 Ke8 57. d5 Qc8+ 58. Qb7 Qg4 59. Qc6+ Kd8 60. Qd6+ 1-0

[Event "Managua Hurtado Memorial 19th"]
[Site "Managua"]
[Date "2019.12.27"]
[Round "2"]
[White "Rocha, Maximiliano"]
[Black "Garcia, Antonio"]
[Result "1-0"]
[WhiteElo "2072"]
[BlackElo "1836"]
[PlyCount "67"]
[EventDate "2019.12.26"]
[EventType "swiss"]
[EventRounds "9"]
[EventCountry "NCA"]
[SourceTitle "CBM 195 Extra"]
[Source "ChessBase"]
[SourceDate "2020.05.31"]
[SourceVersion "1"]
[SourceVersionDate "2020.05.31"]
[SourceQuality "1"]

1. e4 d5 2. exd5 Qxd5 3. Nf3 Bg4 4. Be2 c6 5. Nc3 Qa5 6. 0-0 Nf6 7. Re1 e6 8. h3 Bxf3 9. Bxf3 Bd6 10. d4 0-0 11. Bd2 Qb6 12. Ne2 Nbd7 13. c4 Bb4 14. c5 Qa5 15. Nc3 Nd5 16. Qb3 Bxc3 17. bxc3 b5 18. a4 Rfb8 19. axb5 Qxb5 20. Qxb5 cxb5 21. Ra6 Kf8 22. Bxd5 exd5 23. Bf4 Rc8 24. Bd6+ Kg8 25. Re7 Nf6 26. f3 Ne8 27. Bg3 f5 28. Raxa7 g5 29. Be5 Rxa7 30. Rxa7 Rd8 31. Kf2 h5 32. f4 g4 33. hxg4 fxg4 34. Kg3 1-0

[Event "Managua Hurtado Memorial 17th"]
[Site "Managua"]
[Date "2017.12.15"]
[Round "8"]
[White "Salgado, Wilbert"]
[Black "Garcia, Antonio"]
[Result "0-1"]
[WhiteElo "1635"]
[BlackElo "1909"]
[PlyCount "86"]
[EventDate "2017.12.11"]
[EventType "swiss"]
[EventRounds "9"]
[EventCountry "NCA"]
[SourceTitle "CBM 182 Extra"]
[Source "ChessBase"]
[SourceDate "2018.02.23"]
[SourceVersion "1"]
[SourceVersionDate "2018.02.23"]
[SourceQuality "1"]

1. d4 Nf6 2. Bg5 c5 3. Bxf6 exf6 4. Nf3 Qb6 5. b3 cxd4 6. Qxd4 Qa5+ 7. c3 Nc6 8. Qe4+ Be7 9. e3 d5 10. Qd3 0-0 11. Be2 Ne5 12. Qd1 Bf5 13. Nd4 Bxb1 14. b4 Bxb4 15. Rxb1 Bxc3+ 16. Kf1 Rab8 17. g3 Nc4 18. Rb5 Qxa2 19. Kg2 a6 20. Rb3 Bxd4 21. exd4 Rfe8 22. Bf3 Ne3+ 23. Rxe3 Rxe3 24. Qc1 Re7 25. Qc5 Rbe8 26. Bxd5 Qa4 27. Bf3 Qb5 28. Qc2 g6 29. Rb1 Qd7 30. Bxb7 Qxd4 31. Bxa6 Qd5+ 32. f3 Re1 33. Rb2 Ra1 34. Bc4 Qd4 35. Rb7 Rf8 36. Qb3 Ra7 37. Bxf7+ Kg7 38. Bd5+ Rxb7 39. Qxb7+ Kh6 40. Qe7 Rb8 41. Be4 Qe5 42. Qa7 Rb2+ 43. Kh3 Qh5# 0-1

[Event "Managua Hurtado Memorial 17th"]
[Site "Managua"]
[Date "2017.12.13"]
[Round "5"]
[White "Giron, Jorge Ernesto"]
[Black "Garcia, Antonio"]
[Result "1-0"]
[WhiteElo "2249"]
[BlackElo "1909"]
[PlyCount "99"]
[EventDate "2017.12.11"]
[EventType "swiss"]
[EventRounds "9"]
[EventCountry "NCA"]
[SourceTitle "CBM 182 Extra"]
[Source "ChessBase"]
[SourceDate "2018.02.23"]
[SourceVersion "1"]
[SourceVersionDate "2018.02.23"]
[SourceQuality "1"]

1. e4 c6 2. d4 d5 3. Nc3 dxe4 4. Nxe4 Nd7 5. Bc4 Ngf6 6. Ng3 e6 7. Nf3 Bd6 8. 0-0 Qc7 9. Re1 0-0 10. Qe2 Nb6 11. Bb3 c5 12. c3 c4 13. Bc2 Nbd5 14. Ne5 b5 15. Bd2 Bb7 16. Rac1 Rfe8 17. Bb1 Bf8 18. h4 a5 19. h5 Ra7 20. f4 Bc8 21. Qf3 Bb7 22. Nf1 Nd7 23. Qg3 f5 24. Qh3 N5f6 25. Ng3 Nxe5 26. fxe5 Ng4 27. Rf1 Bd5 28. Ne2 Qb6 29. Kh1 Ba8 30. Nf4 g5 31. Nxe6 Qxe6 32. Bxf5 Qc6 33. Qxg4 h6 34. Bg6 Rb8 35. Rf6 Qc8 36. Bf5 Qd8 37. Rf1 Bg7 38. Rd6 Qe8 39. Bg6 Qc8 40. Bf5 Qe8 41. Bd7 Qe7 42. Be6+ Kh8 43. Rf7 Qxf7 44. Bxf7 Rxf7 45. Kg1 Rbf8 46. Qe2 Re8 47. a4 Bf8 48. Rg6 Bd5 49. e6 Rf5 50. Qg4 1-0

[Event "Managua Hurtado Memorial 17th"]
[Site "Managua"]
[Date "2017.12.12"]
[Round "2"]
[White "Garcia, Antonio"]
[Black "Picado, Jorge Luis"]
[Result "1-0"]
[WhiteElo "1909"]
[BlackElo "2137"]
[PlyCount "142"]
[EventDate "2017.12.11"]
[EventType "swiss"]
[EventRounds "9"]
[EventCountry "NCA"]
[SourceTitle "CBM 182 Extra"]
[Source "ChessBase"]
[SourceDate "2018.02.23"]
[SourceVersion "1"]
[SourceVersionDate "2018.02.23"]
[SourceQuality "1"]

1. c4 Nf6 2. Nc3 g6 3. d4 Bg7 4. e4 d6 5. Nf3 0-0 6. Be2 c6 7. 0-0 Nbd7 8. h3 e5 9. Be3 Qe7 10. d5 c5 11. Qd2 Ne8 12. Bg5 f6 13. Bh6 f5 14. Bxg7 Nxg7 15. exf5 gxf5 16. Qg5 Nf6 17. Nh4 Rf7 18. Rae1 Bd7 19. Bd3 Nfh5 20. Qxe7 Rxe7 21. g3 a6 22. Kh2 Rae8 23. Be2 Nf6 24. Rg1 Rf8 25. Bd1 b5 26. b3 b4 27. Nb1 a5 28. Nd2 Ra8 29. g4 fxg4 30. hxg4 Rf8 31. f3 Kh8 32. Bc2 Bc8 33. Rg3 Ra7 34. Rh1 a4 35. Kg2 axb3 36. Bxb3 Re8 37. Ne4 Nxe4 38. fxe4 Rf7 39. Bd1 Bd7 40. g5 Ra8 41. Bb3 Nh5 42. Rf3 Rxf3 43. Kxf3 Rf8+ 44. Nf5 Bxf5 45. exf5 Rxf5+ 46. Kg4 Ng7 47. Rh6 Rf4+ 48. Kh3 Nf5 49. Rf6 Rh4+ 50. Kg2 Rg4+ 51. Kf2 Rxg5 52. Bc2 Nd4 53. Bb1 Kg7 54. Rxd6 h5 55. Rd7+ Kf6 56. Rh7 Nf5 57. Ke2 Nd6 58. Rh6+ Ke7 59. Bd3 Rg2+ 60. Kf3 Rg5 61. Rh7+ Kf8 62. Rh8+ Kg7 63. Rh7+ Kf8 64. Rh8+ Kg7 65. Rh7+ Kg8 66. Rh6 Nf7 67. Rc6 h4 68. d6 Rg3+ 69. Ke2 Rg4 70. Bf5 Rg2+ 71. Kf1 Rxa2 1-0